| 000 | 00920 a2200193 4500 | ||
|---|---|---|---|
| 003 | Nust | ||
| 005 | 20170207154016.0 | ||
| 020 | _a978-3-540-72714-9 | ||
| 035 | _a(Mo)b1722275 | ||
| 040 | _cNust | ||
| 082 | 0 | 4 | _a621.382 |
| 100 | 1 | _aXu, Guochang | |
| 245 | 1 | 0 |
_aGPS-(E-BOOK) _btheory, algorithms and applications / _cGuochang Xu |
| 250 | _a2. ed. | ||
| 260 |
_aBerlin : _bSpringer, _ccop. 2007 |
||
| 300 |
_a340 s. : _bill. ; _c24 cm |
||
| 505 | _aIntroduction 1 Coordinate and Time Systems 7Satellite Orbits. 21 GPS Observables 37 Physical Influences of GPS Surveying 43 GPS Observation Equations and Equivalence Properties 87 Adjustment and Filtering Methods 133 Cycle Slip Detection and Ambiguity Resolution 167 Parameterisation and Algorithms of GPS Data Processing 187 Applications of GPS Theory and Algorithms 219 Perturbed Orbit and its Determination. 243 Discussions. 305 | ||
| 650 | _aTelecommunication engineering. | ||
| 942 |
_2ddc _cBK |
||
| 999 |
_c191430 _d191430 |
||